Physics for NEET/AIIMS : (Record no. 153385)
[ view plain ]
| 000 -LEADER | |
|---|---|
| fixed length control field | 00651nam a22002057a 4500 |
| 005 - DATE AND TIME OF LATEST TRANSACTION | |
| control field | 20180704162637.0 |
| 010 ## - LCCN (DPL NO) | |
| LC control number | ENG-123378 |
| 020 ## - INTERNATIONAL STANDARD BOOK NUMBER | |
| Terms of availability | 550.00 |
| International Standard Book Number | 9789352531905 (vol. 1) |
| 035 ## - SYSTEM CONTROL NUMBER | |
| System control number | EN-106910 |
| 037 ## - SOURCE OF ACQUISITION | |
| Source of stock number/acquisition | DBAD/PUB |
| 082 ## - DEWEY DECIMAL CLASSIFICATION NUMBER | |
| Classification number | 530 |
| 100 ## - MAIN ENTRY--PERSONAL NAME | |
| Personal name | Jain, M C |
| 245 00 - TITLE STATEMENT | |
| Title | Physics for NEET/AIIMS : |
| Statement of responsibility, etc | by M C Jain |
| Remainder of title | and other medical entrance tests / |
| 260 ## - PUBLICATION, DISTRIBUTION, ETC. (IMPRINT) | |
| Place of publication, distribution, etc | New Delhi |
| Name of publisher, distributor, etc | S. Chand and Company |
| Date of publication, distribution, etc | 2017 |
| 270 ## - ADDRESS | |
| Address | 7361, Ram Nagar, |
| City | New Delhi |
| Postal code | 110055 |
| 300 ## - PHYSICAL DESCRIPTION | |
| Extent | 695p. |
| Dimensions | 27cm(pbk) |
| Other physical details | ill. |
| 500 ## - GENERAL NOTE | |
| General note | It includes comprehensive self-assessment test - 1 and 2 |
| 505 ## - FORMATTED CONTENTS NOTE | |
| Formatted contents note | vol. 1 - |
| 942 ## - ADDED ENTRY ELEMENTS (KOHA) | |
| Source of classification or shelving scheme | Dewey Decimal Classification |
| Item type | English Books |
| Call number suffix | JAI |
| Classification part | 530 |
| Withdrawn status | Lost status | Materials specified (bound volume or other part) | Not for loan | Collection code | Home library | Current library | Date acquired | Source of acquisition | Cost, normal purchase price | Full call number | Barcode | Copy number | Cost, replacement price | Koha item type |
|---|---|---|---|---|---|---|---|---|---|---|---|---|---|---|
| vol.1 | Non-fiction | Shahdara Branch | Shahdara Branch | 04/07/2018 | DBAD/PUB | 550.00 | 530 JAI | EN-106910 | 1 | 550.00 | English Books |
